000 00401nam a2200145Ia 4500
008 191206s9999 xx 000 0 und d
020 _a0691082014 :
090 _aQH541.C62
245 0 _aFood webs and niche space
260 _aPrinceton University Press
260 _bMonographs in population biology ; 11
260 _ccc1978
300 _a"xv, 189 p. : ill. ; 23 cm."
999 _c15994
_d15994